000 02037nam a2200253Ia 4500
003 Ost
005 20260507075455.0
008 260507s9999||||xx |||||||||||||| ||und||
040 _cfsecg
041 _aara
082 _a658
100 _aالخطيب، محمد محي الدين
_eمؤلف
245 0 _aتطوير كفاءة مجالس الإدارة في العالم العربي ( السهم الشارد ) /
_c محمد محي الدين الخطيب
260 _aعمان:
_bار اليازوري العلمية للنشر و التوزيع,
_c2008
300 _a168 صفحة؛
_bإيضاحات ؛
_c24 سم
504 _aبيبليوغرافيا ص.167 الملاحق ص. 161
520 _aيضم هذا الكتاب في طياته مايلي : بعد التقديم يعرض الفصل الأول التوجيه وترك الادارة للمدراء ثم فصل تعيين أعضاء مجالس الادارة ومعايير تقييمهم وتقييم أداء المجلس وأعضائه ، ثم فصل الوقت لم يفت للتعلم أما الباب الثاني فحمل تبويب التشكيل المثالي لمجلس الإدارة ، العرف العالمي في تشكيل مجالس الدارة الفصل الثاني أهمية أعضاء المستقلين غير التنفيذيين ، ماهو التشكيل المثالي لمجلس الإدارة وبوب الباب الثالث بواجبات والتزامات مجلس الادارة رسم سياسة الشركة وتحديد الرسالة والرؤيا بعيدة المدى والقيم وضع استراتجية الشركة ، الاشراف على الادارة التنفيذية ، الفصل الرابع تحمل المسؤولية تجاه المساهمين وأصحاب المصلحة
653 _aإدارة الأعمال
653 _aالإدارة العامة
653 _aالإدارة--تطوير
653 _aالأقليات
653 _aالقيادة الإدارية
942 _cكتاب
999 _c44661
_d44661